[Event "CZE-ch Rapid (Women)"]
[Site "Ceska Trebova"]
[Date "2022.05.14"]
[Round "5"]
[White "Smistikova, Ksenia"]
[Black "Kubelova, Sona"]
[Result "1-0"]
[WhiteElo "2123"]
[BlackElo "1544"]
[PlyCount "48"]
[EventDate "2022.05.14"]
[EventType "swiss (rapid)"]
[EventRounds "9"]
[EventCountry "CZE"]
[SourceTitle "CBM 208 Extra"]
[Source "ChessBase"]
[SourceDate "2022.07.31"]
[SourceVersion "1"]
[SourceVersionDate "2022.07.31"]
[SourceQuality "1"]

1. e4 e5 2. Nf3 Nc6 3. d4 exd4 4. Bc4 Bb4+ 5. c3 dxc3 6. bxc3 Ba5 7. 0-0 Nge7 8. Ng5 0-0 9. Qh5 h6 10. Nxf7 Rxf7 11. Bxf7+ Kf8 12. Bd5 Qe8 13. Qf3+ Nf5 14. Qxf5+ Ke7 15. Bxc6 dxc6 16. Qxa5 b6 17. Ba3+ Kf7 18. Qh5+ g6 19. Qxh6 Ba6 20. Re1 Qe5 21. Re3 Rh8 22. Rf3+ Ke6 23. Qxg6+ Kd7 24. Rf7+ Kc8 1-0

[Event "CZE-ch Seniors 50"]
[Site "Rychnov nad Kneznou"]
[Date "2015.08.17"]
[Round "3"]
[White "Kubelova, Sona"]
[Black "Kuru, Martin"]
[Result "0-1"]
[WhiteElo "1585"]
[BlackElo "1935"]
[PlyCount "80"]
[EventDate "2015.08.15"]
[EventType "swiss"]
[EventRounds "9"]
[EventCountry "CZE"]
[SourceTitle "EXT 2016"]
[Source "ChessBase"]
[SourceDate "2015.10.08"]
[SourceVersion "1"]
[SourceVersionDate "2015.10.08"]
[SourceQuality "1"]

1. e4 c6 2. d4 d5 3. exd5 cxd5 4. Nc3 Nf6 5. Bg5 Bf5 6. Nf3 Nc6 7. Bb5 e6 8. 0-0 Be7 9. Ne5 Qc7 10. Bf4 Bd6 11. Bg3 0-0 12. Re1 Nb4 13. Rc1 a6 14. Ba4 b5 15. Bb3 Rfc8 16. a3 Nc6 17. h4 Na5 18. h5 h6 19. Bf4 Nxb3 20. cxb3 Qb6 21. Qd2 Nxh5 22. Bxh6 Bxe5 23. Rxe5 gxh6 24. Qxh6 Qxd4 25. Rxf5 exf5 26. Qxh5 Qg4 27. Qh6 Qg6 28. Qf4 Rd8 29. Ne2 Rac8 30. Rd1 Qg4 31. Qd2 Rc6 32. Nd4 Rg6 33. f3 Qg5 34. Qe2 Kh7 35. Rd2 Rc8 36. Qd1 Rgg8 37. Re2 Rc1 38. Qxc1 Qxc1+ 39. Kf2 f4 40. Nf5 Qh1 0-1

[Event "Ostrava Konik op"]
[Site "Ostrava"]
[Date "2014.05.02"]
[Round "7"]
[White "Pisa, Vladimir"]
[Black "Kubelova, Sona"]
[Result "1-0"]
[WhiteElo "1981"]
[BlackElo "1639"]
[PlyCount "59"]
[EventDate "2014.04.26"]
[EventType "swiss"]
[EventRounds "9"]
[EventCountry "CZE"]
[SourceTitle "CBM 160 Extra"]
[Source "ChessBase"]
[SourceDate "2014.07.01"]
[SourceVersion "1"]
[SourceVersionDate "2014.07.01"]
[SourceQuality "1"]

1. e4 c5 2. Nf3 Nc6 3. d4 cxd4 4. Nxd4 e6 5. Be2 Bc5 6. Nb3 Bb6 7. 0-0 Nf6 8. Nc3 h6 9. Bf4 e5 10. Bg3 d6 11. Qd2 Be6 12. Rad1 Bxb3 13. axb3 Nd4 14. Kh1 Qc7 15. Bb5+ Nd7 16. Nd5 Qc5 17. Bxd7+ Kxd7 18. b4 Qc6 19. c3 f5 20. cxd4 f4 21. Nxb6+ axb6 22. dxe5 fxg3 23. fxg3 Rhf8 24. Qe2 Rxf1+ 25. Qxf1 Ke8 26. exd6 Rd8 27. e5 Rd7 28. e6 Rxd6 29. Qf7+ Kd8 30. e7+ 1-0

[Event "Ostrava Konik op"]
[Site "Ostrava"]
[Date "2014.04.29"]
[Round "4"]
[White "Balon, Rene"]
[Black "Kubelova, Sona"]
[Result "1-0"]
[WhiteElo "1759"]
[BlackElo "1639"]
[PlyCount "43"]
[EventDate "2014.04.26"]
[EventType "swiss"]
[EventRounds "9"]
[EventCountry "CZE"]
[SourceTitle "CBM 160 Extra"]
[Source "ChessBase"]
[SourceDate "2014.07.01"]
[SourceVersion "1"]
[SourceVersionDate "2014.07.01"]
[SourceQuality "1"]

1. d4 d5 2. c4 e6 3. Nc3 c6 4. Nf3 dxc4 5. a4 Bb4 6. e3 Bxc3+ 7. bxc3 b5 8. Ne5 Nf6 9. axb5 cxb5 10. Qf3 Qd5 11. Qg3 0-0 12. Ba3 Re8 13. Be2 Nbd7 14. Bf3 Ne4 15. Qf4 Ndf6 16. h4 Bb7 17. g4 a5 18. g5 b4 19. gxf6 bxa3 20. Rg1 Qd8 21. Rxg7+ Kf8 22. Rxf7+ 1-0

[Event "Kouty nad Desnou op-B"]
[Site "Kouty nad Desnou"]
[Date "2014.03.13"]
[Round "7"]
[White "Sefcik, Miroslav"]
[Black "Kubelova, Sona"]
[Result "0-1"]
[WhiteElo "1522"]
[BlackElo "1671"]
[PlyCount "44"]
[EventDate "2014.03.08"]
[EventType "swiss"]
[EventRounds "9"]
[EventCountry "CZE"]
[SourceTitle "EXT 2015"]
[Source "ChessBase"]
[SourceDate "2014.11.20"]
[SourceVersion "1"]
[SourceVersionDate "2014.11.20"]
[SourceQuality "1"]

1. e4 c5 2. Nf3 Nc6 3. Bc4 e6 4. d4 cxd4 5. Nxd4 Nf6 6. Nxc6 bxc6 7. e5 Qa5+ 8. Nc3 Qxe5+ 9. Be2 Bb4 10. Bd2 0-0 11. 0-0 Bd6 12. g3 Nd5 13. Bd3 f5 14. Re1 Qf6 15. Nxd5 cxd5 16. c3 Bb7 17. f4 e5 18. fxe5 Bxe5 19. Qe2 Rae8 20. Qf2 d4 21. c4 Qc6 22. Kf1 Qh1+ 0-1

[Event "Kesarovski Georgiev Memorial-B 12th"]
[Site "Sunny Beach"]
[Date "2013.09.07"]
[Round "8"]
[White "Akhundov, Teymuraz"]
[Black "Kubelova, Sona"]
[Result "0-1"]
[WhiteElo "1583"]
[BlackElo "1711"]
[PlyCount "53"]
[EventDate "2013.08.31"]
[EventType "swiss"]
[EventRounds "9"]
[EventCountry "BUL"]
[SourceTitle "CBM 156 Extra"]
[Source "ChessBase"]
[SourceDate "2013.10.22"]
[SourceVersion "1"]
[SourceVersionDate "2013.10.22"]
[SourceQuality "1"]

1. e4 c5 2. d3 e6 3. Nd2 Nc6 4. g3 Nf6 5. Bg2 Be7 6. Ne2 d5 7. 0-0 0-0 8. h3 Ne8 9. f4 f6 10. f5 Nc7 11. g4 b5 12. Ng3 Bd6 13. Qe1 Nd4 14. Ne2 Nxc2 15. Qd1 Nxa1 16. Nf3 dxe4 17. dxe4 Be7 18. Bd2 Bb7 19. Qxa1 Bxe4 20. fxe6 Nxe6 21. Qd1 Qb6 22. Be3 Qc6 23. Kf2 Ng5 24. Neg1 Nxf3 25. Bxf3 f5 26. Bxe4 fxe4+ 27. Ke2 0-1

[Event "Kesarovski Georgiev Memorial 11th"]
[Site "Sunny Beach"]
[Date "2012.09.08"]
[Round "8"]
[White "Kubelova, Sona"]
[Black "Jiruse, Josef"]
[Result "0-1"]
[WhiteElo "1730"]
[BlackElo "1995"]
[PlyCount "60"]
[EventDate "2012.09.01"]
[EventType "swiss"]
[EventRounds "9"]
[EventCountry "BUL"]
[SourceTitle "CBM 150 Extra"]
[Source "ChessBase"]
[SourceDate "2012.10.19"]
[SourceVersion "1"]
[SourceVersionDate "2012.10.19"]
[SourceQuality "1"]

1. e4 c6 2. Nc3 g6 3. Nge2 d5 4. exd5 cxd5 5. d4 Bg7 6. g3 Bg4 7. Bg2 Nc6 8. Be3 Nf6 9. f3 Bc8 10. 0-0 0-0 11. Rb1 Na5 12. b3 b6 13. Qd2 Ba6 14. Rf2 Rc8 15. Rc1 Qd6 16. Bf4 Qa3 17. Be5 Bxe2 18. Rxe2 Rxc3 19. Qxc3 Qxc1+ 20. Re1 Qa3 21. Qc7 Ne8 22. Qxa7 Qb4 23. Bf1 Nc6 24. Qd7 Nxd4 25. Bxg7 Nxg7 26. Rxe7 Nxc2 27. f4 Nf5 28. Re2 Nce3 29. g4 Qd4 30. Rf2 Nxg4 0-1

[Event "Kesarovski Georgiev Memorial 11th"]
[Site "Sunny Beach"]
[Date "2012.09.06"]
[Round "6"]
[White "Kolev, Evgeni"]
[Black "Kubelova, Sona"]
[Result "0-1"]
[WhiteElo "1902"]
[BlackElo "1730"]
[PlyCount "60"]
[EventDate "2012.09.01"]
[EventType "swiss"]
[EventRounds "9"]
[EventCountry "BUL"]
[SourceTitle "CBM 150 Extra"]
[Source "ChessBase"]
[SourceDate "2012.10.19"]
[SourceVersion "1"]
[SourceVersionDate "2012.10.19"]
[SourceQuality "1"]

1. c4 c5 2. Nc3 Nc6 3. g3 b6 4. Bg2 Bb7 5. e4 e5 6. d3 Bd6 7. Nge2 Nge7 8. 0-0 0-0 9. Nd5 Rb8 10. Be3 Nxd5 11. cxd5 Ne7 12. Nc3 f5 13. Nb5 Nc8 14. exf5 Rxf5 15. Be4 Rf7 16. Qg4 a6 17. Nc3 Qf8 18. Qh5 g6 19. Qg4 Rf6 20. Qh3 Qe8 21. a4 Ne7 22. f4 exf4 23. Bxf4 Bxf4 24. Rxf4 Rxf4 25. gxf4 d6 26. Qe6+ Kh8 27. Qxd6 Rd8 28. Qe6 Qd7 29. Ne2 Nxd5 30. Qxd5 Bxd5 0-1

[Event "Kesarovski Georgiev Memorial 11th"]
[Site "Sunny Beach"]
[Date "2012.09.04"]
[Round "4"]
[White "Kolev, Atanas Tonchev"]
[Black "Kubelova, Sona"]
[Result "1-0"]
[WhiteElo "2083"]
[BlackElo "1730"]
[PlyCount "119"]
[EventDate "2012.09.01"]
[EventType "swiss"]
[EventRounds "9"]
[EventCountry "BUL"]
[SourceTitle "CBM 150 Extra"]
[Source "ChessBase"]
[SourceDate "2012.10.19"]
[SourceVersion "1"]
[SourceVersionDate "2012.10.19"]
[SourceQuality "1"]

1. d4 d5 2. Nf3 Nf6 3. c4 c6 4. Nc3 e6 5. Bg5 Be7 6. e3 0-0 7. Rc1 Nbd7 8. Bd3 b6 9. cxd5 Nxd5 10. Bxe7 Qxe7 11. 0-0 N7f6 12. Ne5 Qd6 13. Ne4 Nxe4 14. Rxc6 Qb4 15. Bxe4 Qxb2 16. Bxd5 exd5 17. Qb3 Qxb3 18. axb3 f6 19. Nf3 Ba6 20. Rfc1 Rfc8 21. h3 Rxc6 22. Rxc6 Rc8 23. Rd6 Rc1+ 24. Kh2 Rc3 25. Rxd5 Rc7 26. Kg3 Kf8 27. Rd8+ Kf7 28. d5 Bd3 29. d6 Rb7 30. Nd4 a5 31. Kf3 b5 32. e4 a4 33. bxa4 bxa4 34. Ra8 Rd7 35. Rxa4 Rxd6 36. Ra7+ Kf8 37. Ke3 Bf1 38. h4 Bxg2 39. Nf5 Re6 40. f3 g6 41. Nd4 Re7 42. Ra2 Bh3 43. Kf4 h5 44. Ra6 Kf7 45. Nc6 Re8 46. Ra7+ Kf8 47. Rc7 Bg2 48. Nb4 Re7 49. Rc6 Kg7 50. Nd5 Rf7 51. Kg3 Bf1 52. f4 Bd3 53. Kf3 Re7 54. Nxe7 Kf7 55. Nd5 f5 56. exf5 gxf5 57. Ke3 Be4 58. Kd4 Kg7 59. Ke5 Kf8 60. Rc7 1-0